000 00665nam a2200181Ia 4500
008 081213s9999 xx 000 0 und d
020 _a027585008
050 _a320.9
_bROS
082 _a320.9
_bROS
100 _aRosenbaum,Walter A.
245 _aPolitical culture:
_bBasic concepts in political science.
260 _c1975
_aNew York
_bPraeger Publisher
300 _aix,181 p.
_bInclude:Index
_c20 cm.
440 _aPolitical sociology
440 _aPolitical psychology
942 _cBK
_2lcc
999 _c22792
_d22792